Pi Digits #9 2401-2700 - Statistics

General Stats
  • This quiz has been taken 12 times
  • The average score is 26 of 50
Answer Stats
n Digit % Correct
2406 016842
100%
2484 035593
100%
2508 076069
100%
2502 112515
100%
2496 174324
100%
2472 230577
100%
2430 252138
100%
2418 267467
100%
2466 354886
100%
2478 456498
100%
2436 522549
100%
2460 596116
100%
2490 634568
100%
2424 678895
100%
2448 727823
100%
2412 739452
100%
2442 954666
100%
2454 986456
100%
2526 094025
50%
2520 096596
50%
2568 101503
50%
2550 136867
50%
2544 145669
50%
2556 228748
50%
2532 228879
50%
2574 308617
50%
2514 479451
50%
2604 589009
50%
2538 710893
50%
2592 760917
50%
2598 824938
50%
2586 920874
50%
2580 928680
50%
2562 940560
50%
2670 014270
0%
2682 132379
0%
2700 234364
0%
2622 261365
0%
2676 477555
0%
2694 523746
0%
2628 549781
0%
2688 641451
0%
2658 658804
0%
2616 675985
0%
2646 682998
0%
2610 714909
0%
2640 784821
0%
2664 857564
0%
2634 893129
0%
2652 948722
0%
No matching quizzes found
Score Distribution
Percent of People with Each Score
Percentile by Number Answered
Your Score History
You have not taken this quiz